000
002430000a22000970004500
100
1
_a
Pallister, Alan
245
1
0
_a
News from Portugal
300
_a
Vol. 3, Núm 2 (1994), Páginas 113-116
773
0
_t
European Journal of Theology
942
_c
ANA
999
_c
54074
_d
54074